[Event "DEM U12/U12w 2014"]
[Site "Magdeburg GER"]
[Date "2014.06.08"]
[Round "1"]
[White "Engel, Luis"]
[Black "Staufenberger, Philipp"]
[Result "1-0"]
[Termination "normal"]
[Board "1"]
[WhiteElo "1982"]
[BlackElo "1620"]
[WhiteClock "00:37:37"]
[BlackClock "00:53:18"]
[PlyCount "57"]
[WhiteFideId "12961523"]
[BlackFideId "12970883"]
[EventCountry "GER"]
[EventRounds "11"]
[EventType "swiss"]
[EventDate "2014.06.07"]

1. e4 e6 2. d4 d5 3. Nd2 dxe4 4. Nxe4 Bd7 5. Nf3 Bc6 6. Ned2 Nf6 7. Bd3 Be7 8.
O-O Nbd7 9. b3 Nd5 10. c4 Nf4 11. Bc2 Nf6 12. Bb2 Bd6 13. Re1 O-O 14. g3 Ng6
15. Qe2 Ng4 16. h3 Nh6 17. h4 Ng4 18. h5 Ne7 19. c5 Bxg3 20. fxg3 Nf5 21. Bxf5
exf5 22. Qd3 Qd5 23. Qc4 Qd7 24. Ne5 Nxe5 25. Rxe5 f4 26. d5 fxg3 27. Rg5 g6
28. Qc3 f6 29. dxc6 1-0

[Event "DEM U12/U12w 2014"]
[Site "Magdeburg GER"]
[Date "2014.06.08"]
[Round "1"]
[White "Könze, Heike"]
[Black "Rockmann, Jan-Okke"]
[Result "0-1"]
[Termination "normal"]
[Board "2"]
[WhiteElo "1503"]
[BlackElo "1873"]
[WhiteClock "00:42:23"]
[BlackClock "00:53:12"]
[PlyCount "62"]
[WhiteFideId "12964476"]
[BlackFideId "12942111"]
[EventCountry "GER"]
[EventRounds "11"]
[EventType "swiss"]
[EventDate "2014.06.07"]

1. e4 e5 2. Nf3 Nc6 3. Bb5 a6 4. Bxc6 dxc6 5. O-O Bd6 6. d4 exd4 7. Qxd4 f6 8.
Be3 Ne7 9. Nbd2 b5 10. Nb3 O-O 11. Rad1 Bg4 12. Nbd2 Ng6 13. h3 Be6 14. Nb3 Qe7
15. a3 Bc4 16. Rfe1 Rad8 17. Qc3 Nf4 18. Bxf4 Bxf4 19. Nbd4 Qd7 20. b3 c5 21.
bxc4 cxd4 22. Rxd4 Be5 23. Rxd7 Bxc3 24. Rxd8 Rxd8 25. Re3 b4 26. a4 Rd1+ 27.
Kh2 Ra1 28. e5 fxe5 29. Nxe5 Rxa4 30. Nc6 Ra2 31. Rf3 h6 0-1

[Event "DEM U12/U12w 2014"]
[Site "Magdeburg GER"]
[Date "2014.06.08"]
[Round "1"]
[White "Schneider, Jana"]
[Black "Fesselier, Chelsea"]
[Result "1-0"]
[Termination "normal"]
[Board "3"]
[WhiteElo "1824"]
[BlackElo "1454"]
[WhiteClock "00:53:32"]
[BlackClock "00:12:12"]
[PlyCount "99"]
[WhiteFideId "12924997"]
[BlackFideId "26024624"]
[EventCountry "GER"]
[EventRounds "11"]
[EventType "swiss"]
[EventDate "2014.06.07"]

1. e4 c5 2. d3 Nc6 3. f4 d6 4. Nf3 g6 5. Be2 Bg7 6. O-O Nf6 7. c3 Qc7 8. Na3
O-O 9. Qe1 e5 10. Qh4 Qd8 11. Ng5 h6 12. fxe5 dxe5 13. Nf3 Nh5 14. Qf2 b6 15.
Nh4 Nf4 16. Bxf4 exf4 17. Rad1 Bb7 18. Nc2 Qe7 19. Kh1 Rad8 20. Rg1 Bc8 21. g3
fxg3 22. Qxg3 Be5 23. Nxg6 Bxg3 24. Nxe7+ Nxe7 25. Rxg3+ Ng6 26. Ne3 Kh7 27.
Bg4 Bb7 28. Bf5 Rfe8 29. Ng4 Rd6 30. Kg1 Kg7 31. e5 Rdd8 32. d4 h5 33. Ne3 cxd4
34. cxd4 Kh6 35. Bxg6 fxg6 36. Nc4 Re7 37. b3 Ba6 38. Re3 Bc8 39. d5 Bg4 40.
Rd2 Bf5 41. e6 b5 42. Ne5 Rc8 43. Nf7+ Kg7 44. Nd6 Rc1+ 45. Kf2 Bg4 46. Nxb5 a6
47. Nd4 Rc8 48. d6 Rf8+ 49. Kg2 Rb7 50. d7 1-0

[Event "DEM U12/U12w 2014"]
[Site "Magdeburg GER"]
[Date "2014.06.08"]
[Round "1"]
[White "Ning, Felix"]
[Black "Kopylov, Daniel"]
[Result "0-1"]
[Termination "normal"]
[Board "4"]
[WhiteElo "1491"]
[BlackElo "1813"]
[WhiteClock "00:07:10"]
[BlackClock "00:39:32"]
[PlyCount "54"]
[WhiteFideId "12988553"]
[BlackFideId "12921971"]
[EventCountry "GER"]
[EventRounds "11"]
[EventType "swiss"]
[EventDate "2014.06.07"]

1. d4 d5 2. c4 e6 3. Nc3 c6 4. Nf3 dxc4 5. e3 b5 6. g3 Bb7 7. a4 Bb4 8. Bg2 Nd7
9. Nd2 Bxc3 10. bxc3 Qc7 11. Ba3 Ngf6 12. Qf3 a6 13. e4 c5 14. O-O O-O 15. Qe2
Rfd8 16. e5 Bxg2 17. Kxg2 Nd5 18. Ne4 cxd4 19. cxd4 b4 20. Bb2 c3 21. Rac1 Qb6
22. Ba1 Qxd4 23. Rfd1 Qxe5 24. a5 f5 25. Nxc3 bxc3 26. Qxe5 Nxe5 27. f4 Ne3+
0-1

[Event "DEM U12/U12w 2014"]
[Site "Magdeburg GER"]
[Date "2014.06.08"]
[Round "1"]
[White "Mix, Clemens"]
[Black "Mätzkow, Maximilian Paul"]
[Result "1/2-1/2"]
[Termination "normal"]
[Board "6"]
[WhiteElo "1474"]
[BlackElo "1841"]
[WhiteClock "00:12:22"]
[BlackClock "00:19:08"]
[PlyCount "99"]
[WhiteFideId "12987921"]
[BlackFideId "24679933"]
[EventCountry "GER"]
[EventRounds "11"]
[EventType "swiss"]
[EventDate "2014.06.07"]

1. e4 c5 2. Nf3 Nf6 3. Nc3 d5 4. exd5 Nxd5 5. Bb5+ Bd7 6. Bxd7+ Qxd7 7. O-O Nc6
8. d4 cxd4 9. Nxd4 Nxc3 10. bxc3 e6 11. Be3 Be7 12. Qe2 a6 13. Rfd1 Qc7 14.
Rab1 Bf6 15. Rd2 O-O 16. Nxc6 Qxc6 17. Bd4 Bxd4 18. cxd4 b5 19. Rbd1 Qd5 20. c3
Rac8 21. Rd3 Rc4 22. Qf3 Rd8 23. Qe2 Rdc8 24. Qb2 Ra4 25. R1d2 b4 26. cxb4 Rxa2
27. Qb1 Rxd2 28. Rxd2 Qc4 29. h3 g6 30. Qb2 Qc1+ 31. Qxc1 Rxc1+ 32. Kh2 Rc4 33.
d5 exd5 34. Rxd5 Rxb4 35. Ra5 Rb6 36. Kg3 Kg7 37. f3 f5 38. Kf2 Rf6 39. g3 Re6
40. Kf1 Kf6 41. Kf2 Ke7 42. g4 fxg4 43. hxg4 h6 44. f4 Kf6 45. Kf3 Rb6 46. Rc5
Rb3+ 47. Kf2 Rb6 48. Kf3 Ke6 49. Re5+ Kf6 50. Rc5 1/2-1/2

[Event "DEM U12/U12w 2014"]
[Site "Magdeburg GER"]
[Date "2014.06.08"]
[Round "1"]
[White "Wong, Gengchun"]
[Black "Lesny, Florian"]
[Result "0-1"]
[Termination "normal"]
[Board "7"]
[WhiteElo "1857"]
[BlackElo "1549"]
[PlyCount "178"]
[WhiteFideId "12963283"]
[BlackFideId "12973874"]
[EventCountry "GER"]
[EventRounds "11"]
[EventType "swiss"]
[EventDate "2014.06.07"]

1. e4 c5 2. Nf3 d6 3. d4 cxd4 4. Nxd4 Nf6 5. Nc3 a6 6. Bd3 e5 7. Nde2 Be7 8.
O-O O-O 9. Kh1 Nc6 10. f4 b5 11. Ng3 Re8 12. Nh5 Nxh5 13. Qxh5 g6 14. Qf3 Bf8
15. Be3 Bg7 16. Nd5 Rb8 17. Qf2 Rf8 18. fxe5 Nxe5 19. Nf6+ Bxf6 20. Qxf6 Qxf6
21. Rxf6 Nxd3 22. cxd3 Rd8 23. d4 Bb7 24. d5 Rd7 25. Raf1 Re8 26. R1f4 Bxd5 27.
exd5 Rxe3 28. Kg1 Rd3 29. a4 Rxd5 30. axb5 axb5 31. Rb4 Kg7 32. Rf3 Rc7 33. Kf2
f5 34. Rfb3 Rcc5 35. Ra3 Kf6 36. Rh3 h5 37. Rbb3 Re5 38. Rhd3 d5 39. Rd2 g5 40.
Rh3 h4 41. Ra3 g4 42. Ra5 d4 43. Ra6+ Re6 44. Ra8 d3 45. Rd8 Re2+ 46. Rxe2 dxe2
47. Rd6+ Kg5 48. g3 hxg3+ 49. hxg3 Re5 50. Ke1 Re3 51. Rd5 Rb3 52. Kxe2 Rxb2+
53. Kd3 Rb3+ 54. Ke2 Rxg3 55. Rxb5 Rh3 56. Kf2 Rf3+ 57. Kg2 Kh4 58. Rb8 Re3 59.
Rh8+ Kg5 60. Ra8 Kf4 61. Ra4+ Re4 62. Ra3 Re2+ 63. Kf1 Rh2 64. Ra4+ Kg3 65.
Ra3+ Kh4 66. Kg1 g3 67. Ra8 Kg4 68. Ra4+ f4 69. Ra8 Rf2 70. Rb8 Re2 71. Kf1 Kf3
72. Rb3+ Re3 73. Rb2 Rc3 74. Rb1 g2+ 75. Kg1 Kg3 76. Rb3 Rf3 77. Ra3 Kg4 78.
Ra2 Rg3 79. Ra8 f3 80. Rg8+ Kf4 81. Rf8+ Ke5 82. Re8+ Kd6 83. Rf8 Rh3 84. Kf2
Ke5 85. Re8+ Kf6 86. Rf8+ Kg7 87. Rf4 Rh1 88. Rg4+ Kh6 89. Rb4 g1=Q+ 0-1

[Event "DEM U12/U12w 2014"]
[Site "Magdeburg GER"]
[Date "2014.06.08"]
[Round "1"]
[White "Voß, Henrike"]
[Black "Roseneck, Jonas"]
[Result "0-1"]
[Termination "normal"]
[Board "8"]
[WhiteElo "1456"]
[BlackElo "1766"]
[PlyCount "64"]
[WhiteFideId "12971910"]
[BlackFideId "12939870"]
[EventCountry "GER"]
[EventRounds "11"]
[EventType "swiss"]
[EventDate "2014.06.07"]

1. e4 c5 2. c3 Nf6 3. e5 Nd5 4. d4 cxd4 5. cxd4 e6 6. a3 d6 7. Bd3 Bd7 8. Nf3
Bc6 9. O-O Nd7 10. Bd2 dxe5 11. dxe5 g6 12. Nc3 Nxc3 13. Bxc3 Bg7 14. Re1 O-O
15. Qe2 Re8 16. Rad1 Qb6 17. Nd2 Red8 18. Nc4 Qc7 19. Nd6 Nxe5 20. Bxe5 Bxe5
21. Qxe5 Qxd6 22. Qc3 Rac8 23. Qb3 Qd5 24. Qxd5 Rxd5 25. Bc4 Rxd1 26. Rxd1 Kg7
27. f3 Kf6 28. Kf2 Ba4 29. Rd4 e5 30. Re4 Bc2 31. Rh4 g5 32. Rh6+ Kg7 0-1

[Event "DEM U12/U12w 2014"]
[Site "Magdeburg GER"]
[Date "2014.06.08"]
[Round "1"]
[White "Weimert, Miriam"]
[Black "Renger, Niklas"]
[Result "0-1"]
[Termination "normal"]
[Board "10"]
[WhiteElo "1562"]
[BlackElo "1794"]
[PlyCount "62"]
[WhiteFideId "12966703"]
[BlackFideId "12908096"]
[EventCountry "GER"]
[EventRounds "11"]
[EventType "swiss"]
[EventDate "2014.06.07"]

1. e4 c5 2. d4 cxd4 3. c3 Nf6 4. e5 Nd5 5. cxd4 Nc6 6. Be3 e6 7. a3 d6 8. Nf3
Nxe3 9. fxe3 dxe5 10. Nc3 exd4 11. exd4 Be7 12. Rc1 O-O 13. Bd3 Bf6 14. Ne2 e5
15. d5 Ne7 16. Nc3 g6 17. Be4 Qb6 18. Qd2 Rd8 19. Rf1 Bf5 20. Bxf5 Nxf5 21. Qf2
Qxf2+ 22. Rxf2 Bg7 23. Re2 Nd4 24. Nxd4 exd4 25. Ne4 d3 26. Rf2 Re8 27. Rc4 f5
28. d6 Rad8 29. Rd2 Rxe4+ 30. Rxe4 fxe4 31. g3 Rxd6 0-1

[Event "DEM U12/U12w 2014"]
[Site "Magdeburg GER"]
[Date "2014.06.08"]
[Round "1"]
[White "Biastoch, Bennet"]
[Black "Hermanns, Till"]
[Result "1-0"]
[Termination "normal"]
[Board "11"]
[WhiteElo "1754"]
[BlackElo "1449"]
[PlyCount "95"]
[WhiteFideId "12939889"]
[BlackFideId "12972347"]
[EventCountry "GER"]
[EventRounds "11"]
[EventType "swiss"]
[EventDate "2014.06.07"]

1. e4 e6 2. d4 d5 3. Nc3 Nf6 4. e5 Nfd7 5. f4 Nb6 6. Nf3 h6 7. Be3 Bd7 8. Bd3
Qc8 9. Qd2 a6 10. Qf2 Nc6 11. O-O Qd8 12. Nh4 Qe7 13. f5 O-O-O 14. f6 gxf6 15.
exf6 Qe8 16. Bf4 Bd6 17. Rae1 Bxf4 18. Qxf4 Nb4 19. Be2 Nc6 20. Bf3 Qg8 21. Bh5
Rf8 22. Nf3 Rh7 23. a3 Rd8 24. b4 Nc4 25. b5 Nb8 26. a4 axb5 27. axb5 Be8 28.
Ra1 Rd6 29. h4 Rb6 30. Rfb1 Qf8 31. Kh1 Qd6 32. Ne5 Nxe5 33. dxe5 Qf8 34. Be2
c5 35. Na4 Rxb5 36. Bxb5 Bxb5 37. Rxb5 c4 38. Nb6+ Kc7 39. Ra7 Kc6 40. Rb1 Qc5
41. Rxb7 Na6 42. Na4 Qa5 43. R1b6+ Qxb6 44. Rxb6+ Kd7 45. Rxa6 Rh8 46. Ra7+ Kc6
47. Qd4 Kb5 48. Qb6# 1-0

[Event "DEM U12/U12w 2014"]
[Site "Magdeburg GER"]
[Date "2014.06.08"]
[Round "1"]
[White "Hüls, Maximilian"]
[Black "Wierzbicki, Jirawat"]
[Result "0-1"]
[Termination "normal"]
[Board "12"]
[WhiteElo "1638"]
[BlackElo "1774"]
[PlyCount "84"]
[WhiteFideId "12949698"]
[BlackFideId "1153579"]
[EventCountry "GER"]
[EventRounds "11"]
[EventType "swiss"]
[EventDate "2014.06.07"]

1. e4 e5 2. Nc3 Nf6 3. Nf3 Nc6 4. d4 exd4 5. Nxd4 Bb4 6. Nxc6 bxc6 7. Bd3 d5 8.
exd5 cxd5 9. O-O O-O 10. Bg5 c6 11. Qf3 Be7 12. h3 h6 13. Bf4 Nh7 14. Rae1 Bf6
15. Qg3 Bh4 16. Qf3 Qf6 17. Re2 g5 18. Bxh7+ Kxh7 19. Bg3 Qxf3 20. gxf3 Bxg3
21. fxg3 Bxh3 22. Rfe1 Be6 23. g4 Rae8 24. Na4 Kg6 25. Nc5 Kf6 26. Kf2 Rh8 27.
Rh1 Re7 28. Nxe6 Rxe6 29. Rxe6+ fxe6 30. Ke3 e5 31. c3 Kg6 32. Rh5 Rf8 33. Rh2
Rf4 34. Rd2 h5 35. gxh5+ Kxh5 36. Rh2+ Rh4 37. Re2 e4 38. fxe4 Rxe4+ 39. Kf3
Rxe2 40. Kxe2 Kg4 41. Kf2 Kh3 42. Kg1 Kg3 0-1

[Event "DEM U12/U12w 2014"]
[Site "Magdeburg GER"]
[Date "2014.06.08"]
[Round "1"]
[White "Holinka, Henning"]
[Black "Reitz, Theresa"]
[Result "1-0"]
[Termination "normal"]
[Board "13"]
[WhiteElo "1689"]
[BlackElo "1484"]
[PlyCount "49"]
[WhiteFideId "12967084"]
[BlackFideId "12971901"]
[EventCountry "GER"]
[EventRounds "11"]
[EventType "swiss"]
[EventDate "2014.06.07"]

1. e4 c5 2. Nf3 e6 3. d4 cxd4 4. Nxd4 a6 5. Be3 Qc7 6. Bd3 Nf6 7. O-O Be7 8.
Kh1 O-O 9. f4 d6 10. c4 Nbd7 11. Nc3 b6 12. g4 Nc5 13. g5 Nfd7 14. Bc2 Bb7 15.
b4 e5 16. Nf5 Ne6 17. Nxe7+ Kh8 18. Ncd5 Qxc4 19. Bd3 Bxd5 20. Bxc4 Bxc4 21.
Rf3 Rfe8 22. Qxd6 Nb8 23. f5 Nd4 24. Bxd4 exd4 25. Qxd4 1-0

[Event "DEM U12/U12w 2014"]
[Site "Magdeburg GER"]
[Date "2014.06.08"]
[Round "1"]
[White "Schulze, Lara"]
[Black "Bosselmann, Tom Linus"]
[Result "1-0"]
[Termination "normal"]
[Board "15"]
[WhiteElo "1774"]
[BlackElo "1430"]
[PlyCount "127"]
[WhiteFideId "12956830"]
[BlackFideId "12983845"]
[EventCountry "GER"]
[EventRounds "11"]
[EventType "swiss"]
[EventDate "2014.06.07"]

1. d4 d5 2. c4 c6 3. cxd5 cxd5 4. Nc3 Nc6 5. Nf3 Nf6 6. Bf4 a6 7. h3 e6 8. e3
Bd6 9. Bxd6 Qxd6 10. Bd3 O-O 11. O-O Rd8 12. Rc1 e5 13. dxe5 Nxe5 14. Nxe5 Qxe5
15. Qd2 d4 16. Ne2 dxe3 17. Bxh7+ Kxh7 18. Qxd8 Bxh3 19. Qd3+ Bf5 20. Qxe3 Qxb2
21. Nd4 Re8 22. Qc3 Qxc3 23. Rxc3 Bd7 24. Rb1 Ng4 25. f3 Nf6 26. Rxb7 Re1+ 27.
Kf2 Rd1 28. Nb3 Be6 29. Rc2 g5 30. Nc5 Bf5 31. Re2 Kg6 32. Rb6 Rd5 33. Ne4 Bxe4
34. fxe4 Re5 35. Rxa6 Kg7 36. Ra4 Nd7 37. Rd4 Nc5 38. Rd5 Nxe4+ 39. Rxe4 Rxd5
40. Re2 Kg6 41. a4 Ra5 42. Ra2 Kf5 43. Kf3 g4+ 44. Ke3 Ke5 45. Kd3 Kd5 46. Kc3
Kc5 47. Kb3 f6 48. Rf2 Ra6 49. Rf4 g3 50. Rf3 Rb6+ 51. Kc3 Ra6 52. Rf5+ Kb6 53.
Rxf6+ Ka5 54. Rxa6+ Kxa6 55. Kd4 Ka5 56. Ke5 Kxa4 57. Kf4 Kb5 58. Kxg3 Kc6 59.
Kf4 Kd7 60. Kf5 Ke7 61. Kg6 Kf8 62. g4 Kg8 63. g5 Kf8 64. Kh7 1-0

[Event "DEM U12/U12w 2014"]
[Site "Magdeburg GER"]
[Date "2014.06.08"]
[Round "1"]
[White "Wurst, Benedikt"]
[Black "Suvorov, Luca"]
[Result "1/2-1/2"]
[Termination "normal"]
[Board "16"]
[WhiteElo "1403"]
[BlackElo "1599"]
[PlyCount "111"]
[WhiteFideId "12991791"]
[BlackFideId "12977071"]
[EventCountry "GER"]
[EventRounds "11"]
[EventType "swiss"]
[EventDate "2014.06.07"]

1. e4 c6 2. d4 d5 3. exd5 cxd5 4. Nc3 Nc6 5. Bf4 a6 6. Nf3 Bg4 7. Be2 Nf6 8. h3
Bxf3 9. Bxf3 e6 10. O-O Qb6 11. Re1 Be7 12. Qd2 Qxd4 13. Qxd4 Nxd4 14. Bd1 O-O
15. Be3 Nf5 16. Bf4 Bd6 17. Bd2 Nd4 18. Ne2 Nxe2+ 19. Bxe2 Ne4 20. Be3 Be5 21.
Rab1 Bd6 22. Bd3 Nc5 23. Be2 Rac8 24. c3 Rfe8 25. Red1 Bf8 26. Kf1 Ne4 27. Bd3
Nd6 28. Bf4 Red8 29. Be3 Nc4 30. Bd4 e5 31. Bxc4 exd4 32. Bb3 dxc3 33. bxc3 Rc5
34. Rd3 g6 35. Ke2 Bg7 36. Rc1 d4 37. Rc2 Re8+ 38. Kd1 dxc3 39. Rd7 Rf8 40. Ba4
b5 41. Bb3 a5 42. a3 Bh6 43. Re2 a4 44. Ba2 Rcc8 45. Kc2 Bg5 46. Rb7 Rc5 47. g3
Bf6 48. f4 Kg7 49. g4 Kg8 50. g5 Bg7 51. Ree7 Rf5 52. Re4 Rd8 53. Ree7 Rf8 54.
Re4 Rd8 55. Ree7 Rf8 56. Re4 1/2-1/2

[Event "DEM U12/U12w 2014"]
[Site "Magdeburg GER"]
[Date "2014.06.08"]
[Round "1"]
[White "Collin, Alexander"]
[Black "Arnold, Leander"]
[Result "1-0"]
[Termination "normal"]
[Board "17"]
[WhiteElo "1590"]
[BlackElo "1402"]
[PlyCount "65"]
[WhiteFideId "12946745"]
[BlackFideId "12990230"]
[EventCountry "GER"]
[EventRounds "11"]
[EventType "swiss"]
[EventDate "2014.06.07"]

1. e4 e6 2. d4 d5 3. exd5 exd5 4. Nf3 Bd6 5. Bd3 Ne7 6. O-O O-O 7. Nc3 c6 8. b3
Bg4 9. Bxh7+ Kh8 10. Bd3 Qc7 11. h3 Bh5 12. Be2 Bxf3 13. Bxf3 Nd7 14. a4 Qa5
15. Bd2 Qc7 16. Ne2 Ng6 17. Nc1 Kh7 18. Nd3 Rh8 19. Bh5 Ndf8 20. Bb4 Bxb4 21.
Nxb4 Kg8 22. Nd3 Re8 23. Bxg6 Nxg6 24. Re1 Rf8 25. Ne5 Ne7 26. Qg4 Rd8 27. Qf4
Ng6 28. Nxg6 Qxf4 29. Nxf4 g5 30. Nd3 Rh4 31. c3 Re4 32. Rxe4 dxe4 33. Nc5 1-0

[Event "DEM U12/U12w 2014"]
[Site "Magdeburg GER"]
[Date "2014.06.08"]
[Round "1"]
[White "Garbuz, Nicole"]
[Black "Rößler, Lukas Namgyu"]
[Result "1/2-1/2"]
[Termination "normal"]
[Board "18"]
[WhiteElo "1389"]
[BlackElo "1662"]
[PlyCount "91"]
[WhiteFideId "12990701"]
[BlackFideId "12938718"]
[EventCountry "GER"]
[EventRounds "11"]
[EventType "swiss"]
[EventDate "2014.06.07"]

1. e4 c5 2. d4 cxd4 3. c3 Nf6 4. e5 Nd5 5. cxd4 e6 6. Nf3 d6 7. Nc3 Nb6 8. Qc2
Bd7 9. Bd3 h6 10. O-O Bc6 11. Be4 Be7 12. Re1 O-O 13. Be3 Bxe4 14. Qxe4 Nc6 15.
d5 exd5 16. Nxd5 Nxd5 17. Qxd5 dxe5 18. Rad1 Qxd5 19. Rxd5 Bf6 20. Rd7 Rab8 21.
Red1 Rfd8 22. Rxd8+ Rxd8 23. Rxd8+ Bxd8 24. a3 f6 25. Kf1 Kf7 26. Ke2 Ke6 27.
Nd2 Kd5 28. f3 Nd4+ 29. Kd3 b5 30. f4 Bb6 31. fxe5 fxe5 32. h3 Bd8 33. Bxd4
exd4 34. Nf3 Bf6 35. g3 Be5 36. g4 g5 37. h4 Bf6 38. hxg5 hxg5 39. b3 a5 40. b4
a4 41. Ng1 Ke5 42. Ne2 Kd5 43. Ng1 Ke5 44. Ne2 Kd5 45. Ng1 Bd8 46. Nf3 1/2-1/2

[Event "DEM U12/U12w 2014"]
[Site "Magdeburg GER"]
[Date "2014.06.08"]
[Round "1"]
[White "Mönster, Madita"]
[Black "Paulweber, Lara Maria"]
[Result "1-0"]
[Termination "normal"]
[Board "19"]
[WhiteElo "1637"]
[BlackElo "1386"]
[PlyCount "87"]
[WhiteFideId "12947156"]
[BlackFideId "12954411"]
[EventCountry "GER"]
[EventRounds "11"]
[EventType "swiss"]
[EventDate "2014.06.07"]

1. e4 e6 2. d4 d5 3. Nc3 Bb4 4. Bd3 c5 5. exd5 exd5 6. dxc5 Bxc5 7. Bb5+ Bd7 8.
Bxd7+ Qxd7 9. Qxd5 Qe7+ 10. Qe4 Nc6 11. Qxe7+ Ngxe7 12. Nf3 O-O 13. O-O Rad8
14. Bd2 Ne5 15. Nxe5 Rxd2 16. Ne4 Bxf2+ 17. Rxf2 Rd4 18. Nc3 Ng6 19. Nxg6 fxg6
20. Rxf8+ Kxf8 21. Rd1 Rxd1+ 22. Nxd1 Ke7 23. Kf2 Kd6 24. Nc3 Kc5 25. Ke3 Kc6
26. Kd4 Kb6 27. Nd5+ Kc6 28. c4 g5 29. b4 h5 30. a4 g4 31. b5+ Kd7 32. g3 Ke6
33. Nf4+ Kf7 34. Nxh5 g5 35. a5 Kg6 36. c5 Kxh5 37. c6 bxc6 38. bxc6 Kg6 39. c7
Kf5 40. c8=Q+ Kf6 41. Ke4 Kg6 42. Qe6+ Kh5 43. Qg8 a6 44. Qh7# 1-0

[Event "DEM U12/U12w 2014"]
[Site "Magdeburg GER"]
[Date "2014.06.08"]
[Round "1"]
[White "Flach, Helene"]
[Black "ter Stal, Sven"]
[Result "1-0"]
[Termination "normal"]
[Board "20"]
[WhiteElo "1657"]
[BlackElo "1707"]
[PlyCount "86"]
[WhiteFideId "12929735"]
[BlackFideId "12946443"]
[EventCountry "GER"]
[EventRounds "11"]
[EventType "swiss"]
[EventDate "2014.06.07"]

1. e4 c5 2. Nf3 d6 3. d4 cxd4 4. Nxd4 Nf6 5. Nc3 g6 6. f3 Bg7 7. Be3 O-O 8. Qd2
Nc6 9. O-O-O d5 10. exd5 Nxd5 11. Nxc6 bxc6 12. Nxd5 cxd5 13. Qxd5 Qc7 14. Qxa8
Bf5 15. Qxf8+ Kxf8 16. Bc4 e6 17. Bb3 Qe5 18. Bd4 Qf4+ 19. Kb1 Bxd4 20. g4 Bxg4
21. fxg4 Qxg4 22. Rhf1 Ke7 23. Rd3 f5 24. c3 Bh8 25. Rfd1 f4 26. Rd7+ Kf6 27.
Rf1 e5 28. Rf7+ Kg5 29. Bd5 Bf6 30. Rxh7 Qe2 31. Rg1+ Kf5 32. Rh3 e4 33. Bb3 f3
34. Bd1 Qd3+ 35. Bc2 Qd2 36. Rxf3+ Ke5 37. Bxe4 Kxe4 38. Rxf6 Qxh2 39. Rfxg6
Qh3 40. R6g4+ Kd5 41. Rd4+ Kc5 42. b4+ Kb5 43. Rg5+ Ka4 1-0

[Event "DEM U12/U12w 2014"]
[Site "Magdeburg GER"]
[Date "2014.06.08"]
[Round "1"]
[White "Mantel, Ruben"]
[Black "Bui, Ngoc Han Julia"]
[Result "1-0"]
[Termination "normal"]
[Board "21"]
[WhiteElo "1645"]
[BlackElo "1446"]
[PlyCount "39"]
[WhiteFideId "12930121"]
[BlackFideId "12977055"]
[EventCountry "GER"]
[EventRounds "11"]
[EventType "swiss"]
[EventDate "2014.06.07"]

1. e4 c5 2. Nc3 Nc6 3. g3 g6 4. Bg2 Bg7 5. d3 e6 6. Be3 d6 7. Qd2 Nge7 8. Bh6
O-O 9. Bxg7 Kxg7 10. h4 Ng8 11. h5 Re8 12. hxg6 fxg6 13. Nf3 d5 14. O-O-O c4
15. Qf4 Qf6 16. exd5 Qxf4+ 17. gxf4 cxd3 18. dxc6 dxc2 19. Kxc2 bxc6 20. Ne5
1-0

[Event "DEM U12/U12w 2014"]
[Site "Magdeburg GER"]
[Date "2014.06.08"]
[Round "1"]
[White "Wastian, Mareike"]
[Black "Preißler, Niklas"]
[Result "0-1"]
[Termination "normal"]
[Board "22"]
[WhiteElo "1571"]
[BlackElo "1812"]
[PlyCount "70"]
[WhiteFideId "12947423"]
[BlackFideId "12927554"]
[EventCountry "GER"]
[EventRounds "11"]
[EventType "swiss"]
[EventDate "2014.06.07"]

1. e4 b6 2. d4 Bb7 3. Bd3 e6 4. Bf4 Nf6 5. Nd2 c5 6. c3 Nc6 7. Ngf3 d5 8. e5
Nd7 9. O-O Be7 10. Qc2 cxd4 11. cxd4 Nb4 12. Qb3 Nxd3 13. Qxd3 O-O 14. Rfe1 Rc8
15. Re3 Nb8 16. Qe2 Nc6 17. a3 Rc7 18. Qd3 Qc8 19. b4 Bxb4 20. Ng5 g6 21. Rh3
Be7 22. Nxh7 Ba6 23. Qe3 Nb4 24. Nf1 Nc2 25. Qf3 Nxd4 26. Qe3 Ne2+ 27. Kh1 Rc3
28. Qd2 Rxh3 29. Nf6+ Bxf6 30. exf6 Rd3 31. Qxe2 Rxa3 32. Qb2 Rxa1 33. Qxa1
Bxf1 34. Qxf1 Qc4 35. Qe1 Qxf4 0-1

[Event "DEM U12/U12w 2014"]
[Site "Magdeburg GER"]
[Date "2014.06.08"]
[Round "1"]
[White "Mütsch, Annmarie"]
[Black "Wienhold, Nadine"]
[Result "1-0"]
[Termination "normal"]
[Board "23"]
[WhiteElo "1648"]
[BlackElo "1342"]
[PlyCount "147"]
[WhiteFideId "12971367"]
[BlackFideId "12964514"]
[EventCountry "GER"]
[EventRounds "11"]
[EventType "swiss"]
[EventDate "2014.06.07"]

1. e4 e5 2. Nf3 Nc6 3. Bc4 Nf6 4. Ng5 d5 5. exd5 Nxd5 6. d4 Be6 7. O-O exd4 8.
Nxe6 fxe6 9. Re1 Qd7 10. Qh5+ Kd8 11. Bg5+ Be7 12. Bxe7+ Ncxe7 13. c3 dxc3 14.
Nxc3 c6 15. Rad1 Kc7 16. Qe5+ Qd6 17. Qe4 Rad8 18. Bxd5 cxd5 19. Nb5+ Kb8 20.
Nxd6 dxe4 21. Rxe4 Nf5 22. Rxe6 Rxd6 23. Rexd6 Nxd6 24. Rxd6 Rc8 25. Rd1 Rc2
26. Rb1 Kc7 27. Kf1 Kd6 28. a3 a5 29. Ke1 Ke5 30. b4 axb4 31. Rxb4 Rc1+ 32. Kd2
Rg1 33. g3 Rg2 34. Ke2 Rxh2 35. Rxb7 g6 36. a4 Rh1 37. a5 h5 38. a6 Ra1 39. a7
Kf5 40. Kd3 Kg4 41. Rf7 g5 42. Kc4 h4 43. gxh4 gxh4 44. Kb5 Kh3 45. Rh7 Rb1+
46. Ka6 Ra1+ 47. Kb7 Rb1+ 48. Kc8 Ra1 49. Kb8 Rb1+ 50. Rb7 Rd1 51. a8=Q Rd8+
52. Ka7 Rxa8+ 53. Kxa8 Kg2 54. Rh7 h3 55. f4 h2 56. f5 Kh1 57. Rxh2+ Kxh2 58.
f6 Kg3 59. f7 Kf4 60. f8=Q+ Ke4 61. Qc5 Kf4 62. Qd5 Kg4 63. Qf7 Kg5 64. Kb7 Kg4
65. Qf6 Kg3 66. Qf5 Kg2 67. Qf4 Kg1 68. Qf3 Kh2 69. Qg4 Kh1 70. Kc6 Kh2 71. Kd5
Kh1 72. Ke4 Kh2 73. Kf3 Kh1 74. Qg2# 1-0

[Event "DEM U12/U12w 2014"]
[Site "Magdeburg GER"]
[Date "2014.06.08"]
[Round "1"]
[White "Schäfer, Nicolas"]
[Black "Yankelevich, Michael"]
[Result "0-1"]
[Termination "normal"]
[Board "24"]
[WhiteElo "1337"]
[BlackElo "1696"]
[PlyCount "64"]
[WhiteFideId "12988901"]
[BlackFideId "12921440"]
[EventCountry "GER"]
[EventRounds "11"]
[EventType "swiss"]
[EventDate "2014.06.07"]

1. Nf3 d5 2. c4 c6 3. g3 Nf6 4. Bg2 e6 5. O-O Nbd7 6. d4 Be7 7. Nc3 O-O 8. b3
Bb4 9. Bb2 Re8 10. a3 Bd6 11. Re1 dxc4 12. bxc4 Bf8 13. e4 Nb6 14. Qe2 c5 15.
e5 Nfd7 16. d5 exd5 17. Nxd5 Na4 18. Bc1 Ndb6 19. Qc2 Bg4 20. Bg5 Qc8 21. Rad1
h6 22. Bf4 Rd8 23. Ne3 Qe6 24. Nxg4 Qxg4 25. Qe4 Nc3 26. Qc2 Nxd1 27. Rxd1 Nxc4
28. Rxd8 Rxd8 29. h3 Qe6 30. Nd2 Nxd2 31. Bxd2 Qxe5 32. Kh2 Qe2 0-1